000 00321nam a2200133Ia 4500
008 150301s2015 xx 000 0 und d
082 _a661.01
_bP14A
100 _aALI, MOHAMMED
245 _aTEXTBOOK OF PHARMACEUTICAL CHEMISTRY -|
260 _bCBS- DELHI
300 _a314
650 _aCHEMISTRY
942 _2ddc
_cBK
_09
999 _c7260
_d7260